Statistics for Most Guessed Beatles Songs

Click here to take the quiz!

General Stats

  • This quiz has been taken 122 times
  • The average score is 12 of 20

Answer Stats

%song title% Correct
74Hey Jude
92%
94Let It Be
84%
90Yellow Submarine
79%
65Yesterday
79%
92Help!
75%
61I Want to Hold Your Hand
66%
61Come Together
65%
81A Hard Days Night
63%
63Strawberry Fields Forever
63%
57Here Comes the Sun
62%
58Penny Lane
60%
66Eleanor Rigby
59%
56Love Me Do
54%
66Lucy in the Sky
with Diamonds
52%
54Twist and Shout
51%
77Please Please Me
48%
59I am the Walrus
39%
58Revolution
36%
75Sgt Pepper's Lonely
Hearts Club Band
35%
58Magical Mystery Tour
19%

Score Distribution

Percentile by Number Answered

Percent of People with Each Score

Your Score History

You have not taken this quiz